[Event "GER-ch 69th"]
[Site "Gladenbach"]
[Date "1997.11.22"]
[Round "6"]
[White "Puth, Dieter"]
[Black "Walter, Guenter"]
[Result "0-1"]
[WhiteElo "2300"]
[BlackElo "2305"]
[EventDate "1997.11.17"]
[PlyCount "158"]

1. d4 d5 2. c4 e6 3. Nc3 a6 4. cxd5 exd5 5. Nf3 Be7 6. Bf4 Nf6 7. e3 Bf5 8. Ne5 c6 9. Be2 Nbd7 10. O-O O-O 11. Kh1 Re8 12. Rc1 Rc8 13. Na4 Nxe5 14. Bxe5 Nd7 15. Bg3 Bh4 16. b4 Bxg3 17. hxg3 Nf6 18. Nc5 Rb8 19. a4 h5 20. Bxh5 g6 21. Be2 Kg7 22. Kg1 Qc8 23. b5 axb5 24. axb5 Re7 25. Qb3 Qh8 26. f3 Rbe8 27. Rc3 Qh6 28. Kf2 b6 29. Na6 c5 30. Rd1 c4 31. Qa3 Bd3 32. Rcxd3 cxd3 33. Rxd3 Rd7 34. Qc3 Qh2 35. Qc6 Re6 36. Qc8 Rde7 37. Qb8 Re8 38. Qf4 Ne4+ 39. fxe4 dxe4 40. d5 Rf6 41. Qxf6+ Kxf6 42. Rd4 Rd8 43. Nb4 Rd6 44. Rxe4 Qh1 45. Bf1 Kg7 46. Be2 Qa1 47. g4 g5 48. Rd4 Rf6+ 49. Bf3 Qb2+ 50. Kg3 Qc1 51. Kf2 Qc5 52. Nc6 Qc2+ 53. Kg3 Qc1 54. Kf2 Rh6 55. Rd1 Qc2+ 56. Kg3 Qh7 57. d6 Rxd6 58. Kf2 Qc2+ 59. Ke1 Qc3+ 60. Kf2 Qb2+ 61. Kg3 Rxd1 62. Bxd1 Qxb5 63. Nd4 Qe5+ 64. Kf3 b5 65. Kf2 b4 66. Bb3 Qc5 67. Kf3 Qc1 68. Kf2 Qd2+ 69. Kf3 Kf6 70. Nc2 Ke5 71. Nd4 f6 72. Ba4 Qe1 73. Bc2 Qf1+ 74. Kg3 Kd5 75. Ba4 Ke4 76. Nf5 Qe1+ 77. Kh2 Kd3 78. Bb5+ Kc3 79. Ne7 b3 0-1

[Event "GER-ch 69th"]
[Site "Gladenbach"]
[Date "1997.11.22"]
[Round "6"]
[White "Schaller, Sven"]
[Black "Bode, Wilfried"]
[Result "0-1"]
[WhiteElo "2315"]
[BlackElo "2400"]
[EventDate "1997.11.17"]
[PlyCount "68"]

1. c4 b6 2. Nc3 Bb7 3. e4 e6 4. a3 c5 5. Nf3 Nf6 6. e5 Ne4 7. Nxe4 Bxe4 8. d4 cxd4 9. Nxd4 Nc6 10. Nxc6 Bxc6 11. Qg4 h5 12. Qf4 h4 13. Bd2 h3 14. Qg3 Qh4 15. O-O-O Rc8 16. Bc3 Bc5 17. f3 hxg2 18. Bxg2 g6 19. b3 Bxa3+ 20. Kc2 Bc5 21. Be1 g5 22. Qxh4 gxh4 23. Rd3 a5 24. h3 Ke7 25. Bf1 Rcg8 26. Kd1 Rg5 27. Bc3 Rf5 28. Ke2 Rg8 29. Rh2 Rg3 30. Kd2 Bxf3 31. Ke1 Be4 32. Rxg3 hxg3 33. Re2 Bd3 34. Rd2 Rxf1# 0-1

[Event "GER-ch 69th"]
[Site "Gladenbach"]
[Date "1997.11.22"]
[Round "6"]
[White "Slobodjan, Roman"]
[Black "Gutman, Lev"]
[Result "0-1"]
[WhiteElo "2550"]
[BlackElo "2475"]
[EventDate "1997.11.17"]
[PlyCount "122"]

1. e4 c5 2. Nf3 d6 3. d4 cxd4 4. Nxd4 Nf6 5. Nc3 a6 6. Be2 e5 7. Nb3 Be7 8. O-O O-O 9. Kh1 Be6 10. f4 b5 11. a4 Nbd7 12. fxe5 Nxe5 13. Nd5 Nxe4 14. axb5 Bh4 15. Qd4 f5 16. Nf4 Bf7 17. Rxa6 Rc8 18. Nd2 Nf2+ 19. Kg1 Rxc2 20. Rxd6 Qe7 21. b3 Nfg4 22. Ba3 Rxd2 23. Qxd2 Qa7+ 24. Qd4 Qxa3 25. h3 Be7 26. Rd5 Bf6 27. Qc5 Qxc5+ 28. Rxc5 Ng6 29. Nxg6 hxg6 30. Rd1 Bg5 31. Rc7 Be3+ 32. Kf1 Bf4 33. Rxf7 Ne3+ 34. Kg1 Kxf7 35. Rd7+ Kf6 36. Kf2 Nc2 37. Bd3 Rc8 38. b6 Nb4 39. Bc4 g5 40. b7 Rb8 41. g4 fxg4 42. hxg4 Nc6 43. Be2 Ne5 44. Rd6+ Ke7 45. Rb6 Kd7 46. Rb4 Kc7 47. Ba6 Nxg4+ 48. Kf3 Nf6 49. Rb5 Kc6 50. b4 Nd7 51. Rf5 Kb6 52. Ra5 Rf8 53. Kg2 Nb8 54. Be2 Kxb7 55. Rb5+ Kc7 56. Rc5+ Kd6 57. Bf3 Nd7 58. Ra5 Rh8 59. Ra6+ Ke7 60. Ra7 Rh2+ 61. Kf1 Be3 0-1

[Event "GER-ch 69th"]
[Site "Gladenbach"]
[Date "1997.11.22"]
[Round "6"]
[White "Teske, Henrik"]
[Black "Heinemann, Thies"]
[Result "1/2-1/2"]
[WhiteElo "2515"]
[BlackElo "2450"]
[EventDate "1997.11.17"]
[PlyCount "100"]

1. Nf3 Nf6 2. c4 c5 3. Nc3 Nc6 4. g3 g6 5. Bg2 Bg7 6. O-O O-O 7. d4 cxd4 8. Nxd4 Ng4 9. e3 Nge5 10. b3 Nxd4 11. exd4 Nc6 12. Be3 d6 13. Qd2 Re8 14. Rfe1 Bd7 15. Rac1 a6 16. d5 Ne5 17. Ne4 Bf5 18. Bd4 Rb8 19. Qc3 Bh6 20. Rc2 Nd7 21. Rce2 Bxe4 22. Rxe4 Bg5 23. Bh3 Bf6 24. Bxd7 Bxd4 25. Qxd4 Qxd7 26. Qe3 b5 27. Rxe7 Rxe7 28. Qxe7 Qxe7 29. Rxe7 bxc4 30. bxc4 Rb4 31. Rc7 Kf8 32. Rc6 Ke7 33. Rxa6 Rxc4 34. Ra7+ Kf6 35. Rd7 Ra4 36. Rxd6+ Ke7 37. Rb6 Rxa2 38. Rb7+ Kd8 39. Rb5 h5 40. Kg2 Ra3 41. f3 Ra2+ 42. Kh3 Rf2 43. f4 Rd2 44. f5 Ke7 45. fxg6 fxg6 46. Rb6 Rxd5 47. Rxg6 Kf7 48. Ra6 Kg7 49. Kh4 Kh7 50. Re6 Ra5 1/2-1/2

[Event "GER-ch 69th"]
[Site "Gladenbach"]
[Date "1997.11.22"]
[Round "6"]
[White "Zude, Erik"]
[Black "Rabiega, Robert"]
[Result "0-1"]
[WhiteElo "2365"]
[BlackElo "2490"]
[EventDate "1997.11.17"]
[PlyCount "79"]

1. d4 d5 2. c4 e6 3. Nc3 Nf6 4. Nf3 Nbd7 5. g3 c6 6. Bg2 a6 7. O-O dxc4 8. e4 Bb4 9. e5 Nd5 10. Ne4 b5 11. Bd2 Be7 12. Bg5 O-O 13. b3 c3 14. Qc2 b4 15. Rfe1 h6 16. Bxe7 Qxe7 17. a3 c5 18. Nd6 Rb8 19. dxc5 Nxc5 20. Nd4 Qc7 21. axb4 Rxb4 22. Red1 Nd7 23. Nxf7 Rxf7 24. Nxe6 Qxe5 25. Bxd5 Nb6 26. Nf4 Nxd5 27. Rxd5 Qf6 28. Rc5 Bb7 29. Qxc3 Rxf4 30. gxf4 Qg6+ 31. Qg3 Qe4 32. Kf1 Rxf4 33. Rc4 Qh1+ 34. Qg1 Qd5 35. Rxf4 Qd3+ 36. Ke1 Qc3+ 37. Ke2 Qe5+ 38. Kd3 Qxf4 39. Re1 Qb4 40. Re8+ 0-1

[Event "GER-ch 69th"]
[Site "Gladenbach"]
[Date "1997.11.23"]
[Round "7"]
[White "Buhr, Carl Christian"]
[Black "Schmittdiel, Eckhard"]
[Result "0-1"]
[WhiteElo "2340"]
[BlackElo "2450"]
[EventDate "1997.11.17"]
[PlyCount "82"]

1. d4 e6 2. c4 Nf6 3. Nf3 c5 4. Nc3 cxd4 5. Nxd4 Nc6 6. g3 Bc5 7. Nb3 Be7 8. Bg2 O-O 9. O-O d6 10. Nd4 Bd7 11. b3 a6 12. Bb2 Rc8 13. Rc1 Qb6 14. Nxc6 Bxc6 15. Bxc6 Qxc6 16. Qd3 Rfd8 17. Rfd1 Rb8 18. f3 h6 19. e4 Qe8 20. Kg2 b5 21. Qd4 Qf8 22. Rd2 Rdc8 23. Nd1 bxc4 24. Rxc4 d5 25. exd5 Nxd5 26. Rxc8 Rxc8 27. Qf2 a5 28. Bd4 Bb4 29. Rc2 Rd8 30. Bc5 Bxc5 31. Rxc5 Nb4 32. Nb2 Nxa2 33. Rxa5 Nc1 34. Rb5 Qd6 35. Rb6 Qd2 36. Nc4 Qc3 37. Qe3 Nd3 38. Kh3 Qc2 39. Ne5 Nf2+ 40. Kh4 Nd1 41. Qg1 Qf5 0-1

[Event "GER-ch 69th"]
[Site "Gladenbach"]
[Date "1997.11.23"]
[Round "7"]
[White "Dittmar, Peter"]
[Black "Lampe, Dirk"]
[Result "1-0"]
[WhiteElo "2325"]
[BlackElo "2295"]
[EventDate "1997.11.17"]
[PlyCount "89"]

1. d4 Nf6 2. c4 g6 3. Nc3 Bg7 4. Nf3 d6 5. e4 O-O 6. h3 e5 7. dxe5 dxe5 8. Qxd8 Rxd8 9. Bg5 Re8 10. Nd5 Nxd5 11. cxd5 c6 12. Bc4 cxd5 13. Bxd5 Nd7 14. O-O Nf6 15. Bxf6 Bxf6 16. Rfc1 Bd8 17. Rc2 Rb8 18. Rd1 Kg7 19. Rd3 f6 20. Nd2 Re7 21. Nc4 Bc7 22. Ra3 a6 23. Nd2 Bb6 24. Rb3 Ba5 25. Nc4 Bc7 26. Nb6 Bxb6 27. Rxb6 f5 28. f3 Kf8 29. Rc3 Bd7 30. Rc7 Bc8 31. Rf6+ Ke8 32. Rxe7+ Kxe7 33. Rf7+ Kd8 34. Rxh7 b5 35. Rg7 Rb6 36. b4 Rd6 37. Kh2 f4 38. h4 Bd7 39. a3 Bc6 40. Bxc6 Rxc6 41. Ra7 Rd6 42. Kh3 Rc6 43. Rg7 Rc3 44. Rxg6 Rxa3 45. h5 1-0

[Event "GER-ch 69th"]
[Site "Gladenbach"]
[Date "1997.11.23"]
[Round "7"]
[White "Dobierzin, Olaf"]
[Black "Bastian, Herbert"]
[Result "0-1"]
[WhiteElo "2180"]
[BlackElo "2375"]
[EventDate "1997.11.17"]
[PlyCount "96"]

1. e4 c5 2. Nf3 a6 3. c4 d6 4. Nc3 Nf6 5. d4 cxd4 6. Nxd4 e6 7. Be2 Be7 8. O-O O-O 9. Be3 Nbd7 10. Rc1 Qc7 11. f4 b6 12. Bf3 Bb7 13. Nde2 Rfe8 14. Ng3 Rad8 15. b3 Qb8 16. Qe2 Nc5 17. Rfd1 Bc6 18. b4 Na4 19. b5 Nxc3 20. Rxc3 axb5 21. cxb5 Ba8 22. Qf2 Nd7 23. Nf1 Qa7 24. Qc2 Qa5 25. Qb3 Nc5 26. Bxc5 dxc5 27. Rcd3 Rd4 28. Rxd4 cxd4 29. Nd2 Rc8 30. Nc4 Qa7 31. Kf1 Qc7 32. Ne5 Bf6 33. Nd3 Qd7 34. Rc1 Rc3 35. Rxc3 dxc3 36. Qc4 Bd4 37. Ke2 g6 38. e5 Bxf3+ 39. gxf3 Kg7 40. Nc1 Bxe5 41. Nd3 Bf6 42. a4 Qd6 43. Qc6 Qa3 44. Qc4 Qa1 45. Qb3 Qg1 46. Qd1 Qxh2+ 47. Ke3 Qa2 48. Nb4 Qc4 0-1

[Event "GER-ch 69th"]
[Site "Gladenbach"]
[Date "1997.11.23"]
[Round "7"]
[White "Heinemann, Thies"]
[Black "Rabiega, Robert"]
[Result "1-0"]
[WhiteElo "2450"]
[BlackElo "2490"]
[EventDate "1997.11.17"]
[PlyCount "143"]

1. e4 e5 2. Nf3 Nf6 3. Nc3 Nc6 4. d4 exd4 5. Nxd4 Bb4 6. Nxc6 bxc6 7. Bd3 d5 8. exd5 cxd5 9. O-O O-O 10. Bg5 c6 11. Qf3 Bd6 12. h3 Rb8 13. Na4 h6 14. Bxf6 Qxf6 15. Qxf6 gxf6 16. b3 c5 17. Rad1 Be6 18. c4 dxc4 19. Bxc4 Bxc4 20. bxc4 Rfd8 21. Rd5 Be5 22. Nxc5 Rxd5 23. cxd5 Rb5 24. Rc1 Bd4 25. Ne4 Rxd5 26. Rd1 Kf8 27. Kf1 Ke7 28. g4 Ke6 29. Ng3 Be5 30. Rxd5 Kxd5 31. Nf5 Bf4 32. Ke2 Kc4 33. Kf3 Bc1 34. Ke4 a5 35. f4 Kb4 36. Nxh6 Ka3 37. Nxf7 Kxa2 38. h4 a4 39. h5 a3 40. h6 Kb1 41. h7 a2 42. h8=Q a1=Q 43. Qb8+ Bb2 44. Qb7 Qa4+ 45. Kf5 Qa5+ 46. Kg6 Qa4 47. Qf3 Qe8 48. Qd1+ Ka2 49. Qd5+ Ka1 50. Kh7 Qa4 51. Qf5 Qe8 52. Kg7 Qe7 53. Qa5+ Kb1 54. Kg6 Qe8 55. Qd5 Ka1 56. Qc4 Qd7 57. Qe2 Qc8 58. Qe1+ Ka2 59. Qa5+ Ba3 60. Qd5+ Ka1 61. Qd1+ Ka2 62. Kxf6 Bb2+ 63. Ne5 Qf8+ 64. Kg5 Qe7+ 65. Kg6 Qe8+ 66. Kf5 Qf8+ 67. Ke4 Qb4+ 68. Kf3 Qb7+ 69. Kg3 Qe4 70. Nd3 Qe3+ 71. Qf3 Qg1+ 72. Kh3 1-0

[Event "GER-ch 69th"]
[Site "Gladenbach"]
[Date "1997.11.23"]
[Round "7"]
[White "Keitlinghaus, Ludger"]
[Black "Maiwald, Jens Uwe"]
[Result "1/2-1/2"]
[WhiteElo "2525"]
[BlackElo "2450"]
[EventDate "1997.11.17"]
[PlyCount "38"]

1. e4 c6 2. d4 d5 3. exd5 cxd5 4. Bd3 Nc6 5. c3 Qc7 6. h3 Nf6 7. Nf3 g6 8. O-O Bg7 9. Re1 O-O 10. Bg5 Bf5 11. Bxf5 gxf5 12. Bxf6 Bxf6 13. Nbd2 e6 14. Nb3 Kh8 15. Nc1 Rg8 16. Nd3 Rg7 17. Kh1 Rag8 18. Rg1 Be7 19. Qe2 Bd6 1/2-1/2

[Event "GER-ch 69th"]
[Site "Gladenbach"]
[Date "1997.11.23"]
[Round "7"]
[White "Schmaltz, Roland"]
[Black "Slobodjan, Roman"]
[Result "1-0"]
[WhiteElo "2445"]
[BlackElo "2550"]
[EventDate "1997.11.17"]
[PlyCount "65"]

1. e4 e5 2. Nf3 Nc6 3. Nc3 Nf6 4. g3 Bc5 5. Bg2 d6 6. d3 a6 7. O-O O-O 8. h3 Nd4 9. Nxd4 Bxd4 10. Kh2 Nd7 11. Ne2 Ba7 12. f4 exf4 13. gxf4 f5 14. Ng3 fxe4 15. dxe4 Qh4 16. Nf5 Qd8 17. Qg4 Qf6 18. Bd2 d5 19. Rad1 Nb8 20. Qe2 dxe4 21. Nxg7 Qxg7 22. Bxe4 Rf6 23. Bc3 Qf8 24. Bd5+ Kh8 25. Qe8 Kg7 26. Qxf8+ Kxf8 27. Bxf6 c6 28. Be4 Nd7 29. Bd4 Bxd4 30. Rxd4 Nf6 31. Bd3 Be6 32. Re1 Bd5 33. c4 1-0

[Event "GER-ch 69th"]
[Site "Gladenbach"]
[Date "1997.11.23"]
[Round "7"]
[White "Schwing, Hans Elmar"]
[Black "Oswald, Hans Joachim"]
[Result "1-0"]
[WhiteElo "2315"]
[BlackElo "2330"]
[EventDate "1997.11.17"]
[PlyCount "121"]

1. d4 Nf6 2. c4 c5 3. d5 b5 4. Nf3 g6 5. Nbd2 Bg7 6. e4 d6 7. cxb5 a6 8. bxa6 Qa5 9. Bd3 Bxa6 10. Qe2 O-O 11. O-O Bxd3 12. Qxd3 Na6 13. a3 Rfb8 14. Rb1 Qb5 15. Nc4 Nc7 16. Rd1 Qb3 17. Qxb3 Rxb3 18. Nfd2 Rb7 19. b3 Nb5 20. Bb2 Nd7 21. a4 Nc3 22. Bxc3 Bxc3 23. Rbc1 Bg7 24. g3 Rb4 25. Re1 g5 26. h3 Ra6 27. Kg2 h6 28. Re3 Bd4 29. Rd3 Kh7 30. Re1 Kg7 31. f4 Nb6 32. Re2 Nxc4 33. Nxc4 Rxc4 34. bxc4 Rxa4 35. Rc2 Ra1 36. fxg5 hxg5 37. Rdd2 Kf6 38. Kf3 Rf1+ 39. Kg4 Kg6 40. Re2 Rh1 41. h4 gxh4 42. gxh4 Bf6 43. Rh2 Re1 44. h5+ Kh6 45. Kf3 Be5 46. Rh3 Bd4 47. Rh4 Bf6 48. Rg4 Rh1 49. Rgg2 Rh3+ 50. Rg3 Rh1 51. Ra2 Rc1 52. Ra4 Be5 53. Rg8 Rc3+ 54. Ke2 Kxh5 55. Ra1 Rc2+ 56. Kd3 Bxa1 57. Kxc2 Kh6 58. Kb3 Kh7 59. Rg2 e6 60. dxe6 fxe6 61. Ka4 1-0

[Event "GER-ch 69th"]
[Site "Gladenbach"]
[Date "1997.11.23"]
[Round "7"]
[White "Seger, Ruediger"]
[Black "Schaller, Sven"]
[Result "1-0"]
[WhiteElo "2340"]
[BlackElo "2315"]
[EventDate "1997.11.17"]
[PlyCount "109"]

1. e4 c6 2. d4 d5 3. Nc3 dxe4 4. Nxe4 Bf5 5. Ng3 Bg6 6. h4 h6 7. Nf3 Nd7 8. h5 Bh7 9. Bd3 Bxd3 10. Qxd3 Qc7 11. Bd2 e6 12. O-O-O Bd6 13. Ne4 Ngf6 14. Nxf6+ Nxf6 15. Qe2 O-O-O 16. g3 Rhe8 17. c4 Qe7 18. Ne5 Bxe5 19. dxe5 Nd7 20. f4 Qc5 21. Be3 Qa5 22. a3 f6 23. exf6 gxf6 24. g4 f5 25. g5 e5 26. Qc2 exf4 27. Bxf4 Re4 28. Bd2 Qc5 29. gxh6 Rh8 30. Kb1 Rxc4 31. Bc3 Rxh6 32. Qd2 Rh7 33. h6 Qd5 34. Qxd5 cxd5 35. Rxd5 Rc5 36. Rd6 Rc6 37. Rxc6+ bxc6 38. Bg7 Nc5 39. Rc1 Ne6 40. Rxc6+ Kd7 41. Ra6 Nxg7 42. hxg7 Rh1+ 43. Kc2 Rg1 44. Kd3 Ke7 45. Kd4 Kf7 46. Rxa7+ Kf6 47. b4 Rg4+ 48. Kd5 Rg1 49. b5 Rd1+ 50. Kc5 Rc1+ 51. Kb4 Rc8 52. b6 f4 53. b7 Rb8 54. g8=Q Rxg8 55. Ra8 1-0

[Event "GER-ch 69th"]
[Site "Gladenbach"]
[Date "1997.11.23"]
[Round "7"]
[White "Wahls, Matthias"]
[Black "Gutman, Lev"]
[Result "1/2-1/2"]
[WhiteElo "2595"]
[BlackElo "2475"]
[EventDate "1997.11.17"]
[PlyCount "83"]

1. e4 c5 2. Nf3 d6 3. d4 cxd4 4. Nxd4 Nf6 5. Nc3 a6 6. f4 Qc7 7. Qf3 g6 8. Be3 Bg7 9. h3 Nc6 10. O-O-O Bd7 11. g4 Rc8 12. Kb1 h6 13. Be2 g5 14. Nf5 Bxf5 15. exf5 gxf4 16. Qxf4 b5 17. Rd2 Qa5 18. Rhd1 Ne5 19. Nd5 Nc4 20. Bxc4 Rxc4 21. Qf3 Nxd5 22. Rxd5 O-O 23. Bd4 Bxd4 24. R5xd4 Rfc8 25. f6 Rxd4 26. Rxd4 Qc7 27. c3 Re8 28. g5 hxg5 29. Qe3 Qc5 30. fxe7 Qf5+ 31. Kc1 d5 32. h4 f6 33. hxg5 fxg5 34. Rd2 b4 35. Rf2 Qg4 36. Rf1 bxc3 37. bxc3 d4 38. Qd3 Qe6 39. Qxd4 Rxe7 40. Qd8+ Kg7 41. Qd4+ Qe5 42. Kd2 1/2-1/2

[Event "GER-ch 69th"]
[Site "Gladenbach"]
[Date "1997.11.23"]
[Round "7"]
[White "Walter, Guenter"]
[Black "Zude, Erik"]
[Result "1/2-1/2"]
[WhiteElo "2305"]
[BlackElo "2365"]
[EventDate "1997.11.17"]
[PlyCount "113"]

1. d4 Nf6 2. c4 g6 3. Nc3 Bg7 4. e4 d6 5. h3 O-O 6. Be3 e5 7. d5 Na6 8. Bd3 c6 9. Nge2 cxd5 10. cxd5 Nc5 11. Bc2 a5 12. O-O Bd7 13. a4 Rc8 14. Qd2 Qb6 15. Rfb1 Qb4 16. f3 Ne8 17. Nc1 f5 18. N1a2 Qb6 19. b4 axb4 20. Rxb4 Qc7 21. Rab1 Nf6 22. Kh2 fxe4 23. fxe4 Nh5 24. Nb5 Bxb5 25. Rxb5 Qd8 26. Rxc5 dxc5 27. Bd1 Nf6 28. Nc3 b6 29. Bf3 h5 30. Rb5 Ne8 31. Qb2 Nd6 32. Rb3 Kh7 33. Be2 Rb8 34. a5 bxa5 35. Bxc5 Rxb3 36. Qxb3 Qc7 37. Qa3 Rc8 38. Bxd6 Qxc3 39. Qxc3 Rxc3 40. Be7 Kg8 41. Bb5 Bf8 42. Bd8 Rc8 43. Bh4 Bd6 44. Be1 Rc5 45. Be8 Kg7 46. Kg3 Rc8 47. Bc6 Bb4 48. Bf2 Rf8 49. Bb6 h4+ 50. Kh2 Be1 51. Bc7 Bg3+ 52. Kg1 a4 53. d6 Bf2+ 54. Kh2 a3 55. Bd5 Bg3+ 56. Kg1 Bf2+ 57. Kh2 1/2-1/2

[Event "GER-ch 69th"]
[Site "Gladenbach"]
[Date "1997.11.23"]
[Round "7"]
[White "Zude, Arno"]
[Black "Kersten, Uwe"]
[Result "1/2-1/2"]
[WhiteElo "2395"]
[BlackElo "2330"]
[EventDate "1997.11.17"]
[PlyCount "52"]

1. e4 c5 2. Nf3 d6 3. d4 cxd4 4. Nxd4 Nf6 5. Nc3 a6 6. a4 b6 7. f4 Qc7 8. Bd3 g6 9. Nf3 Nbd7 10. O-O Bg7 11. Qe1 Bb7 12. Bd2 Nc5 13. Kh1 O-O 14. f5 d5 15. exd5 Nxd3 16. cxd3 Nxd5 17. fxg6 hxg6 18. Qh4 Nf6 19. Bh6 Qd7 20. Ne5 Qd6 21. Rae1 Rad8 22. Re3 Qd4 23. Qxd4 Rxd4 24. Bxg7 Kxg7 25. Kg1 Rb4 26. Rf2 Rd8 1/2-1/2

[Event "GER-ch 69th"]
[Site "Gladenbach"]
[Date "1997.11.24"]
[Round "8"]
[White "Bastian, Herbert"]
[Black "Dittmar, Peter"]
[Result "1-0"]
[WhiteElo "2375"]
[BlackElo "2325"]
[EventDate "1997.11.17"]
[PlyCount "69"]

1. e4 e6 2. d4 d5 3. e5 c5 4. c3 Ne7 5. Nf3 Nec6 6. dxc5 Nd7 7. Bf4 Bxc5 8. Bd3 f6 9. exf6 Qxf6 10. Bg5 Qf7 11. Be3 Bxe3 12. fxe3 Qh5 13. Nbd2 Nc5 14. Bc2 O-O 15. O-O Qh6 16. Qe2 a5 17. e4 b6 18. Qb5 Bd7 19. Qxb6 Qe3+ 20. Kh1 Rab8 21. Qc7 Rxb2 22. exd5 exd5 23. Rae1 Qxc3 24. Bxh7+ Kxh7 25. Ng5+ Kg6 26. Rxf8 Qxd2 27. Qd6+ Kxg5 28. Qg3+ Bg4 29. h4+ Kh5 30. Rh8+ Qh6 31. Re5+ Nxe5 32. Qxe5+ Kxh4 33. Rxh6+ gxh6 34. Qxb2 Ne4 35. Kh2 1-0

[Event "GER-ch 69th"]
[Site "Gladenbach"]
[Date "1997.11.24"]
[Round "8"]
[White "Gisbrecht, Ewgeni"]
[Black "Kindermann, Stefan"]
[Result "1/2-1/2"]
[WhiteElo "2400"]
[BlackElo "2570"]
[EventDate "1997.11.17"]
[PlyCount "92"]

1. Nf3 f5 2. c4 Nf6 3. g3 g6 4. Bg2 Bg7 5. O-O O-O 6. Nc3 d6 7. d4 Qe8 8. d5 Na6 9. Nd4 Bd7 10. e4 fxe4 11. Nxe4 Nxe4 12. Bxe4 c6 13. Bg2 Nc7 14. Ne2 c5 15. a4 Na6 16. Nf4 Qc8 17. Qb3 Nb4 18. Bd2 a5 19. Rfe1 Rf7 20. Bc3 Bd4 21. Qd1 g5 22. Bxd4 cxd4 23. Ne6 Bxe6 24. dxe6 Rf6 25. Qd2 Qc5 26. Bxb7 Raf8 27. Rf1 h6 28. Rad1 d3 29. Be4 Qxc4 30. Bxd3 Qxe6 31. Bb1 d5 32. Qd4 Qd6 33. Rde1 Nc6 34. Qd3 R8f7 35. Rd1 e6 36. Qa6 e5 37. Qb6 Qb4 38. Qb5 Qxb5 39. axb5 Nb4 40. Bd3 Rc7 41. Rd2 Rc5 42. Be2 Rf8 43. Ra1 Ra8 44. Ra3 Kf8 45. Rc3 Rcc8 46. Bg4 Re8 1/2-1/2

[Event "GER-ch 69th"]
[Site "Gladenbach"]
[Date "1997.11.24"]
[Round "8"]
[White "Gutman, Lev"]
[Black "Mueller, Karsten"]
[Result "0-1"]
[WhiteElo "2475"]
[BlackElo "2505"]
[EventDate "1997.11.17"]
[PlyCount "100"]

1. d4 d5 2. c4 c6 3. Nf3 Nf6 4. Nc3 e6 5. Bg5 dxc4 6. a4 Bb4 7. e4 h6 8. Bxf6 Qxf6 9. Bxc4 O-O 10. O-O Nd7 11. e5 Qe7 12. a5 b5 13. Bd3 a6 14. Qe2 Rd8 15. Na2 Bxa5 16. Nc1 Bb6 17. Be4 Bb7 18. Nd3 a5 19. Rfc1 Rac8 20. b3 Ba8 21. b4 axb4 22. Qb2 c5 23. Bxa8 Rxa8 24. Rxa8 Rxa8 25. dxc5 Nxc5 26. Qxb4 Qa7 27. Nxc5 Bxc5 28. Qxb5 Bxf2+ 29. Kh1 Qb6 30. Qc4 Qb2 31. Qf1 Be3 32. Re1 Qc3 33. Rd1 Rc8 34. Rd7 Qc4 35. Qe1 Qa4 36. Rd1 Qc2 37. Rd7 Bf2 38. Qf1 Qb2 39. Rd1 Be3 40. Re1 Rc1 41. Rxc1 Bxc1 42. Qc4 Be3 43. h4 Qb1+ 44. Kh2 Qf5 45. Qe2 Qe4 46. Qb5 Bf4+ 47. Kh1 g5 48. Qe8+ Kg7 49. Qd8 Qb1+ 50. Ng1 Be3 0-1

[Event "GER-ch 69th"]
[Site "Gladenbach"]
[Date "1997.11.24"]
[Round "8"]
[White "Hennings, Artur"]
[Black "Zude, Erik"]
[Result "0-1"]
[WhiteElo "2320"]
[BlackElo "2365"]
[EventDate "1997.11.17"]
[PlyCount "120"]

1. e4 e5 2. Nf3 Nc6 3. Bb5 a6 4. Bxc6 dxc6 5. Nc3 Qd6 6. d4 exd4 7. Qxd4 Qxd4 8. Nxd4 Bd7 9. Be3 O-O-O 10. O-O-O Re8 11. a3 c5 12. Nb3 b6 13. Nd2 Bc6 14. Rhe1 Nf6 15. f3 Bd6 16. g3 Be5 17. Ne2 Nd7 18. Nf4 h5 19. Nc4 h4 20. Nd3 Bf6 21. g4 Bb5 22. b3 Bxc4 23. bxc4 Nb8 24. Bd2 Nc6 25. f4 Be7 26. Bc3 h3 27. g5 Nd4 28. Bxd4 cxd4 29. a4 Rh4 30. e5 c5 31. Kb2 Bd8 32. Kb3 g6 33. Rf1 Kd7 34. Rf3 Ke6 35. Rg1 Kf5 36. Rgg3 Reh8 37. c3 Be7 38. cxd4 cxd4 39. a5 Rb8 40. axb6 Rxb6+ 41. Kc2 Rc6 42. Rxh3 Rxh3 43. Rxh3 Rxc4+ 44. Kd2 Rc8 45. Rh7 Ke6 46. h4 Rc7 47. f5+ Kxf5 48. Rxf7+ Ke6 49. Rf1 Rb7 50. Nf4+ Kf5 51. Nd3+ Ke6 52. Ke2 Kd5 53. Nf4+ Ke4 54. Nxg6 Rb2+ 55. Kd1 Rb1+ 56. Ke2 Rb2+ 57. Kd1 Bb4 58. Rf4+ Ke3 59. Kc1 Ba3 60. e6 d3 0-1

[Event "GER-ch 69th"]
[Site "Gladenbach"]
[Date "1997.11.24"]
[Round "8"]
[White "Kersten, Uwe"]
[Black "Bode, Wilfried"]
[Result "1/2-1/2"]
[WhiteElo "2330"]
[BlackElo "2400"]
[EventDate "1997.11.17"]
[PlyCount "30"]

1. e4 g6 2. d4 Bg7 3. Nf3 d6 4. Be2 Nf6 5. Nbd2 O-O 6. O-O Nc6 7. c3 Re8 8. Re1 e5 9. dxe5 Nxe5 10. Nxe5 Rxe5 11. Bf3 Qe7 12. Nc4 Re6 13. Bg5 h6 14. Bxf6 Bxf6 15. Qd3 h5 1/2-1/2

[Event "GER-ch 69th"]
[Site "Gladenbach"]
[Date "1997.11.24"]
[Round "8"]
[White "Lutz, Christopher"]
[Black "Heinemann, Thies"]
[Result "1-0"]
[WhiteElo "2590"]
[BlackElo "2450"]
[EventDate "1997.11.17"]
[PlyCount "81"]

1. e4 c5 2. Nf3 d6 3. d4 cxd4 4. Nxd4 Nf6 5. Nc3 a6 6. Be2 e5 7. Nb3 Be7 8. O-O O-O 9. Kh1 Be6 10. f4 exf4 11. Bxf4 Nc6 12. Qe1 Ne8 13. Nd5 Bxd5 14. exd5 Ne5 15. Qd2 Nf6 16. c4 Nfd7 17. Nd4 g6 18. Rac1 Bf6 19. b4 Qe7 20. Nb3 b6 21. c5 bxc5 22. bxc5 Nxc5 23. Nxc5 dxc5 24. d6 Qa7 25. Be3 Nd7 26. Bc4 Rae8 27. Bb3 Qb6 28. Ba4 Rxe3 29. Qxe3 Bd4 30. Qe7 Ne5 31. Bb3 Qb5 32. Rce1 c4 33. Bc2 Qc5 34. h3 a5 35. Re4 Bc3 36. Re2 Nc6 37. Qc7 Bb4 38. d7 Nd4 39. d8=Q Nxe2 40. Qxf7+ Kh8 41. Qdf6# 1-0

[Event "GER-ch 69th"]
[Site "Gladenbach"]
[Date "1997.11.24"]
[Round "8"]
[White "Maiwald, Jens Uwe"]
[Black "Bischoff, Klaus"]
[Result "0-1"]
[WhiteElo "2450"]
[BlackElo "2535"]
[EventDate "1997.11.17"]
[PlyCount "178"]

1. e4 c5 2. Nf3 d6 3. c3 Nf6 4. Be2 Nbd7 5. d3 b6 6. O-O Bb7 7. Nbd2 e6 8. Re1 Be7 9. Bf1 O-O 10. d4 cxd4 11. cxd4 Rc8 12. Bd3 Rc7 13. b3 Qa8 14. Ba3 Rfc8 15. Qe2 Nf8 16. Bb2 h6 17. Rab1 d5 18. e5 N6d7 19. Nf1 a5 20. Rbc1 Nb8 21. Qe3 a4 22. Rxc7 Rxc7 23. Rc1 Rxc1 24. Qxc1 Ba6 25. Bb1 axb3 26. axb3 Nc6 27. Ne3 Bb5 28. Ne1 Na5 29. Qc3 Qc6 30. Bc2 Qxc3 31. Bxc3 Nd7 32. Nf1 Nb8 33. Nd2 Nbc6 34. f4 Nb4 35. Bb1 Be2 36. Nc2 Nd3 37. g3 Nc6 38. Ne3 b5 39. Bxd3 Bxd3 40. Kf2 b4 41. Bb2 Bd8 42. Ng2 Bb6 43. Ne1 Bf5 44. Ke3 f6 45. Nd3 fxe5 46. fxe5 Kf7 47. Nf3 g5 48. Nfe1 Bd8 49. Nc2 Be7 50. Bc1 Na5 51. Bd2 Nxb3 52. Bxb4 Bd8 53. Na3 Na5 54. Nc5 Nc6 55. Bc3 Be7 56. Nb5 Nxe5 57. dxe5 Bxc5+ 58. Bd4 Bb4 59. Bc3 Bc5+ 60. Bd4 Be7 61. Nd6+ Kg6 62. Bc5 g4 63. Ke2 Bc2 64. Kd2 Ba4 65. Kd3 h5 66. Kd2 Bc6 67. Kd3 Bd8 68. Bd4 Bc7 69. Bc5 Ba4 70. Ke3 Bb3 71. Nb5 Bxe5 72. Nd4 Bc4 73. Nxe6 h4 74. Bd4 Bb8 75. Nf4+ Kf5 76. Nh5 Bb3 77. Ng7+ Kg6 78. Kf2 h3 79. Kg1 Ba4 80. Ne6 Kf5 81. Nc5 Bb5 82. Kf2 Bc7 83. Nb3 Bc4 84. Nc5 Ba5 85. Nd7 Ke4 86. Bg7 Bb4 87. Nf6+ Kf5 88. Ne8 Bc5+ 89. Ke1 Ke4 0-1

[Event "GER-ch 69th"]
[Site "Gladenbach"]
[Date "1997.11.24"]
[Round "8"]
[White "Miltner, Arndt"]
[Black "Puth, Dieter"]
[Result "1-0"]
[WhiteElo "2410"]
[BlackElo "2300"]
[EventDate "1997.11.17"]
[PlyCount "76"]

1. d4 Nf6 2. Nf3 g6 3. e3 Bg7 4. b4 O-O 5. Bb2 d6 6. c4 Nbd7 7. Be2 e5 8. b5 e4 9. Nfd2 Re8 10. Nc3 Nf8 11. a4 h5 12. a5 h4 13. O-O g5 14. a6 bxa6 15. bxa6 g4 16. Qc2 Bh6 17. g3 hxg3 18. hxg3 Bf5 19. Kg2 N8h7 20. Rh1 Bg7 21. Nb3 Ng5 22. Na5 Bd7 23. Nb5 Nh3 24. d5 Nh5 25. Nc6 Bxc6 26. dxc6 f5 27. Rad1 Qe7 28. c5 Be5 29. cxd6 cxd6 30. Bxe5 dxe5 31. Rd7 Qg5 32. Qc4+ Kh8 33. Nd6 Rf8 34. Nf7+ Rxf7 35. Qxf7 Nf6 36. Rhd1 Nxd7 37. Rxd7 Qh6 38. c7 Ng5 1-0